The measurement of productivity
Saved in:
| Main Author: | |
|---|---|
| Format: | Book |
| Language: | Undetermined |
| Published: |
Tokyo
APO
1963
|
| Subjects: | |
| Tags: |
Add Tag
No Tags, Be the first to tag this record!
|
| Institutions: | Trung tâm Học liệu Trường Đại học Cần Thơ |
|---|
| LEADER | 00463nam a2200181Ia 4500 | ||
|---|---|---|---|
| 001 | CTU_94228 | ||
| 008 | 210402s9999 xx 000 0 und d | ||
| 082 | |a 331.1 | ||
| 082 | |b T882 | ||
| 100 | |a Tsujimura, Kotaro | ||
| 245 | 4 | |a The measurement of productivity | |
| 245 | 0 | |c Kotaro Tsujimura | |
| 260 | |a Tokyo | ||
| 260 | |b APO | ||
| 260 | |c 1963 | ||
| 650 | |a Labor productivity | ||
| 904 | |i M.Loan | ||
| 980 | |a Trung tâm Học liệu Trường Đại học Cần Thơ | ||